Responses for show #7034 - Thursday, March 26, 2015

Contestants

Al Cho, a corporate strategist originally from Tempe, Arizona

Laura Weiner, a customer service representaive from Quincy, Massachusetts

Jacqueline Hawkins, an English professor from Louisville, Kentucky (whose 1-day cash winnings total $23,300)

Jeopardy! Round responses

STATES RHYME TIME
IS THERE A DOCTOR IN THE HOUSE?
WARBIRDS
PASS THE MUSTARD
HOTEL CHAINS
CHECKING IN ON MARCH 26
    $200 1
Ohio bio

Al
    $200 6
ears

Laura
    $200 22
Hercules

Jacqueline
    $200 17
Kate (or Katherine)

Al
    $200 7
Howard Johnson

Jacqueline
    $200 27
Diana Ross

Jacqueline
    $400 2
an Idaho pro

Laura
    $400 8
a podiatrist

Jacqueline
    $400 23
(Laura: What is a cannon?)
(Jacqueline: What are guns?)
(Alex: Be more specific.)

machine guns

JacquelineLaura
    $400 18
Hinduism

Jacqueline
    $400 12
Atlantic City

Jacqueline
    $400 28
[The end-of-round signal sounds.]

The Sopranos

Al
    $600 3
a Delaware chair

Jacqueline
    $600 9
a radiologist

Jacqueline
    $600 24
"Falcon"

Al
    $600 19
Alexander the Great

Al
    $600 13
Doubletree

Jacqueline
    $800 4
a Wyoming ring

Al
    $1,000 10
an ophthalmologist

Jacqueline
    $800 16
(Jacqueline: What is a Saber?)
(Alex: [*], yes.)

a Saberjet

Jacqueline
    $800 20
turmeric

Triple Stumper
    $800 14
Travelodge

Triple Stumper
    $800 26
Martin Short

Jacqueline
    $1000 5
a Tennessee fee

Al
    $1000 11
a pulmonologist

Laura
    $1000 25
(Jacqueline: What is the B-52?)
(Laura: Oh...sorry.)
(Alex: Oh, that's too bad. And Al's not gonna ring in to try & come up with [*], the Super Fortress. Less than a minute to go now, Al.)

the B-29

JacquelineLaura
Triple Stumper
    $1000 21
Avignon

Jacqueline
    $1000 15
Marriott

Al

Scores at the first commercial break (after clue 15):

Jacqueline Laura Al
$3,800 $1,600 $3,000

Scores at the end of the Jeopardy! Round:

Jacqueline Laura Al
$6,600 $200 $4,800

Double Jeopardy! Round responses

IRATES OF THE CARIBBEAN
FICTIONAL MOVIE BUSINESSES
SCIENCE MUSEUMS
POE FOLKS
THE STRAIT SCOOP
BROUGHT TO YOU IN H_D
(Alex: Each correct response begins with the letter "H" & will end with the letter "D".)
    $400 30
Grenada

Laura
    $400 1
"Stark"

Laura
    $400 13
static

Al
    $400 6
Annabel Lee

Al
    $400 21
the Strait of Gibraltar

Jacqueline
    $400 7
a hummingbird

Laura
    $800 29
Santo Domingo

Al
    $800 2
Her

Al
    $800 14
the Air & Space Museum

Al
    $800 10
Usher

Al
    $800 22
(Jacqueline: What is Indonesia?)

Sri Lanka

JacquelineAl
    $800 8
a hybrid

Laura
    $1200 28
(Jean-Bertrand) Aristide

Al
    $1200 3
Tim Robbins

Jacqueline
    $1200 15
the Endeavour

Jacqueline
    $1200 16
Prospero

Laura
    $1200 23
the Strait of Hormuz

Al
    $1200 9
a hoard

Jacqueline
    $4,000 26
the Dutch West Indies/India Company

Al
    $1600 4
Blade Runner

Triple Stumper
    $1600 17
Tesla

Jacqueline
    $1600 19
Gordon Pym

Triple Stumper
    $1600 24
the Straits of Magellan

Jacqueline
    $1600 11
a hind

Jacqueline
    $2000 27
Montserrat

Al
    $2000 5
Resident Evil

Triple Stumper
    $2,000 18
Chicago

Jacqueline
    $2000 20
Fortunato

Triple Stumper
    $2000 25
the Straits of Dover

Al
    $2000 12
a handmaid

Laura

Scores at the end of the Double Jeopardy! Round:

Jacqueline Laura Al
$16,600 $5,400 $20,000

[wagering suggestions for these scores]

Final Jeopardy! Round responses

NAVY SHIPS
(Alex: Ah, we're testing your memory on this one. We wanted to know if you would "remember". Uh, Laura, we come to you first. You had $5,400. You were in third place. [Laura's response revealed] And you did remember [*].)
...
(Al: [Upon his response's reveal] I forgot [*].)
LauraWhat is the Maine?
$3,000
JacquelineWhat is the Delaware?
$5,799
AlWhat is the George Washington?
$13,300
the Maine

Final scores:

Jacqueline Laura Al
$10,801 $8,400 $6,700
2-day champion: $34,101 2nd place: $2,000 3rd place: $1,000

Game dynamics:

Coryat scores:

Jacqueline Laura Al
$16,400 $5,400 $17,600
22 R
(including 2 DDs),
2 W
9 R,
2 W
20 R
(including 1 DD),
0 W

Combined Coryat: $39,400

The J! Archive is created by fans, for fans. The Jeopardy! game show and all elements thereof, including but not limited to copyright and trademark thereto, are the property of Jeopardy Productions, Inc. and are protected under law. This website is not affiliated with, sponsored by, or operated by Jeopardy Productions, Inc. Join the discussion at JBoard.tv.